=LDR 00000nam 2200000 4500 =001 INLIS000000000809879 =005 20250903091155 =035 ##$$a 0010-0925000004 =100 ##$$a Wadhan, M.Si$e Pengarang =245 1#$$a Metodologi penelitian pendidikan /$c Wadhan, M.Si =264 ##$$a Pamekasan Madura ; :$b STAIN PMK Press ;,$c 2009 =300 ##$$a 110 halaman ; $c 20 cm =336 ##$$a teks$2 rdacontent =337 ##$$a tanpa perantara$2 rdamedia =338 ##$$a volume$2 rdacarrier =850 ##$$a JKPNPNA =990 ##$$a 5989/DM/D/09(2) =006 aa g b 000 0 =007 ta =008 250903################b##########0#ind## =020 ##$$a 978 602 8522 34 2 =040 ##$$a JKPNPNA $b ind =082 ##$$a 300 =084 ##$$a 370.72 WAD m =090 ##$$a CB-D.13 2009-005362